000 00475nmm a2200157Ia 4500
008 251105s9999||||xx |||||||||||||||||und||
020 _a9789875915183
041 _aspa
100 _aBeltrán, Mariana
245 0 _aGraffitis y otras prácticas en el espacio público escolar
264 _a[Buenos Aires, Argentina] :
_bEditorial Brujas,
_c2014
300 _a325 páginas
650 _aSociology
856 _uhttps://public.digitaliapublishing.com/a/35426
942 _cCF
999 _c97504
_d97504